Statistics for Státy podle emotikonů #1 Evropa

Click here to take the quiz!

General Stats

  • This quiz has been taken 237 times
    (236 since last reset)
  • The average score is 16 of 24

Answer Stats

NápovědaStát% Correct
💷💂‍♂️👑Spojené království
99%
🍷🐂💃Španělsko
98%
🧀🚲🌷Nizozemí
92%
🍺🥨⚽️Německo
91%
🍕🏖☕️Itálie
89%
🏔⌚️🍫Švýcarsko
88%
🥐🍷👨‍🎨Francie
86%
🍀👩🏻‍🦰🍺Irsko
84%
🧊🌧️🐋Island
84%
🎭🏺🏛Řecko
82%
⛰🧛🏻‍♂️🩸Rumunsko
77%
🍻🏒🍄Česko
76%
🏞️🚢🎣Norsko
69%
💰🏎🛥Monako
66%
⚽🏖️🏞Chorvatsko
54%
🦌🛋🎤Švédsko
52%
🥔🚜⛪Polsko
51%
✝️⛪️🙏🏻Vatikán
48%
🌾🥟🌻Ukrajina
46%
🌶🍲🧖🏻‍♂️Maďarsko
41%
⚓️💃🏻🦞Portugalsko
40%
⚫️⛰🏖Černá Hora
38%
🥃🧖‍♂️📱Finsko
34%
🥾🏔✝️Slovensko
30%

Score Distribution

Percentile by Number Answered

Percent of People with Each Score

Your Score History

You have not taken this quiz since the last reset